000 00526nam a2200181Ia 4500
003 GCL
008 140319s9999 xx 000 0 ara d
040 _aGCL /
_cGCL
082 0 4 _a818.03
_bط ف
100 1 _aطه وادى
245 1 0 _aفى البدء تكون الاحلام /
_cطه وادى
300 _a318 ص
490 _a
650 0 4 _aدواوين وقصائد
650 0 4 _aالشعر العربى - دواوين وقصائد
650 0 4 _aالادب العربى - العصر الحديث
942 _2ddc
_cBK
999 _c39830
_d39830